Diccionario de arquitectura, construcción y obras públicas: español-inglés glosario inglés-español
Saved in:
| Main Authors: | , |
|---|---|
| Format: | Bog |
| Sprog: | spansk |
| Udgivet: |
Madrid
Paraninfo
1994
|
| Udgivelse: | 3a. ed |
| Fag: | |
| Tags: |
Tilføj Tag
Ingen Tags, Vær først til at tagge denne postø!
|
MARC
| LEADER | 00000nam a2200000 a 4500 | ||
|---|---|---|---|
| 001 | UCS3911 | ||
| 003 | CL-VaPUC | ||
| 008 | 970718e19940000SP |||||||||||||||||spa|d | ||
| 082 | 0 | 4 | |a 720.03 |b PUT |2 21 |
| 100 | 0 | |a Putnam, R. E |e author |9 390085 | |
| 700 | 0 | |a Carlson, G. E |e author |9 390086 | |
| 245 | 1 | 0 | |a Diccionario de arquitectura, construcción y obras públicas: español-inglés glosario inglés-español |
| 250 | |a 3a. ed | ||
| 300 | |a 535 p | ||
| 942 | |c BK | ||
| 945 | |d 19970718 00:00:00 |a amoreno | ||
| 260 | |a Madrid |b Paraninfo |c 1994 | ||
| 650 | 0 | |a Arquitectura |9 804558 | |
| 650 | 0 | |a Diccionarios |9 256200 | |
| 650 | 7 | |a CONTRUCCION |2 CL-VaPUC |9 390088 | |
| 650 | 0 | |a Obras públicas |9 261125 | |
| 583 | |a last modification |c 19970718 00:00:00 |k Rodrigo Vera | ||
| 999 | |c 261376 |d 261374 | ||
| 952 | |0 0 |1 0 |4 0 |6 720_030000000000000_PUT_1994 |7 0 |8 F |9 288769 |a BIBARQ |b BIBARQ |d 2019-11-19 |i 3334341 |o 720.03 PUT 1994 |p 3334341 |r 2025-01-20 |w 2019-11-19 |y BK_F |k ARQ | ||
| 952 | |0 0 |1 0 |4 0 |6 720_030000000000000_PUT_1994 |7 0 |8 F |9 288770 |a BIBGIM |b BIBGIM |d 2019-11-19 |i 3642089 |o 720.03 PUT 1994 |p 3642089 |r 2025-01-15 |w 2019-11-19 |y BK_F |k GIM | ||